EPQ: Cuestionario de personalidad para niños, EPQ-J y adultos, EPQ-A: manual

Guardat en:
Dades bibliogràfiques
Autors principals: Eysenck, Hans Jurgen (Autor), Eysenck, Sybil B. G (Autor)
Format: Llibre
Idioma:espanyol
Publicat: Madrid TEA 2000
Edició:10a. ed
Col·lecció:Serie Menor, 97
Matèries:
Etiquetes: Afegir etiqueta
Sense etiquetes, Sigues el primer a etiquetar aquest registre!

MARC

LEADER 00000nam a2200000 a 4500
001 UCK2469
003 CL-VaPUC
008 050113e20000000SP |||||||||||||||||spa|d
020 |a 8471746220 
082 0 4 |a 155.23  |b EYS  |2 21 
100 0 |a Eysenck, Hans Jurgen  |e author  |9 490315 
700 0 |a Eysenck, Sybil B. G  |e author  |9 490316 
245 1 0 |a EPQ: Cuestionario de personalidad para niños, EPQ-J y adultos, EPQ-A: manual 
250 |a 10a. ed 
300 |a 40 p 
942 |c BK 
945 |d 20050113 00:00:00  |a cmena 
260 |a Madrid  |b TEA  |c 2000 
500 |a Incluye 2 cuadernillos de preguntas: adulto-niño 
650 0 |a Desarrollo individual   |9 307875 
650 0 |a Personalidad   |9 307255 
650 0 |a Psicología individual  |9 309049 
650 0 |a Psicoanálisis   |9 265702 
650 0 |a Motivación   |9 315362 
650 7 |a DESARROLLO DE LA PERSONALIDAD  |2 CL-VaPUC  |9 311216 
650 0 |a Desarrollo mental   |9 313003 
583 |a last modification  |c 20050113 00:00:00  |k Rodrigo Vera 
490 0 |a Serie Menor, 97 
999 |c 311985  |d 311983 
952 |0 0  |1 0  |4 0  |6 155_230000000000000_EYS_2000  |7 0  |8 R  |9 381762  |a BIBEDU  |b BIBEDU  |c MCIRC  |d 2019-11-21  |i 4092783  |l 3  |o 155.23 EYS 2000  |p 4092783  |r 2023-08-29  |s 2023-08-29  |w 2019-11-21  |y BK_R  |k PSI